Elementary electricity and magnetism / (Record no. 184099)
[ view plain ]
| 000 -LEADER | |
|---|---|
| fixed length control field | 01152 a2200169 4500 |
| 003 - CONTROL NUMBER IDENTIFIER | |
| control field | NUST |
| 005 - DATE AND TIME OF LATEST TRANSACTION | |
| control field | 20221201140233.0 |
| 040 ## - CATALOGING SOURCE | |
| Transcribing agency | Nust |
| 082 ## - DEWEY DECIMAL CLASSIFICATION NUMBER | |
| Classification number | 537,HUT |
| 100 ## - MAIN ENTRY--PERSONAL NAME | |
| Personal name | Hutchinson,W . Robert |
| 9 (RLIN) | 103918 |
| 245 ## - TITLE STATEMENT | |
| Title | Elementary electricity and magnetism / |
| Statement of responsibility, etc. | Hutchimson,Robert W. |
| 260 ## - PUBLICATION, DISTRIBUTION, ETC. | |
| Place of publication, distribution, etc. | London |
| Name of publisher, distributor, etc. | University press |
| 300 ## - PHYSICAL DESCRIPTION | |
| Extent | 473 p.: |
| 505 ## - FORMATTED CONTENTS NOTE | |
| Formatted contents note | Starting points in our knowledge of electricity (Page-1), Old ideas and new ideas (Page-8), Facts about magnet and magnetism (Page-31), Magnetic fields and electric fields (Page-93), Magnetic theory and magnetic measurement (Page-127), The earth magnetism and the atmoisphere electricity (Page-162), Simple theory in curent electricity (Page-201), Galvano meters (Page-235), Electrical measurements (Page-263), Electricity and chemistry (Page-290), Electricity and heat (Page-329), Electricity induction (Page-358), Generators,motors,measuring instruments,telephones (Page-381), Radiation from high frequency circuits,wireless and television (Page-407), EWxercises and test questions (Page-446), Answers (Page-466). |
| 650 ## - SUBJECT ADDED ENTRY--TOPICAL TERM | |
| Topical term or geographic name entry element | Electricity and magnetism |
| 9 (RLIN) | 64093 |
| 942 ## - ADDED ENTRY ELEMENTS (KOHA) | |
| Source of classification or shelving scheme | |
| Koha item type | Book |
| Call number prefix | 537,HUT |
| Withdrawn status | Lost status | Source of classification or shelving scheme | Damaged status | Not for loan | Permanent Location | Current Location | Shelving location | Date acquired | Full call number | Barcode | Date last seen | Price effective from | Koha item type | Public note |
|---|---|---|---|---|---|---|---|---|---|---|---|---|---|---|
| Military College of Signals (MCS) | Military College of Signals (MCS) | General Stacks | 12/12/2016 | 537,HUT | MCS21604 | 12/08/2016 | 12/12/2016 | Book | Almirah No.16, Shelf No.4 |
